000 00903cab a2200241 4500
001 ABS56811
008 090401t1997 xxu||||| |||| 00| 0 eng d
035 _a(Sirsi) u77832
041 _aeng
245 _aRPE: a false sense of security
260 _c1997
350 _a0
490 _aHealth Safety and Environment Bulletin
_v(256) April 1997, 9-12(3)
520 _aReports on the effectiveness of respiratory protective equipment (RPE) when stripping asbestos. Evidence shows that RPE gives much less protection in the workplace than laboratory tests indicate.
650 _aMANAGEMENT-HEALTH AND SAFETY-HAZARDOUS SUBSTANCES-ASBESTOS
650 _aCONSTRUCTION WORKERS
650 _aHEALTH AND SAFETY EXECUTIVE
650 _aHEALTH AND SAFETY
_96244
650 _aRESPIRATORY PROTECTIVE EQUIPMENT
690 _aBUILT ENVIRONMENT-BUILDING STANDARDS
942 _n0
948 _c21/04/1997
999 _c48934
_d48934